Histoire des qanâts dans le monde iranien : De la géographie aux hommes (notice n° 1660540)

détails MARC
000 -LEADER
fixed length control field 01541cam a2200145 4500500
005 - DATE AND TIME OF LATEST TRANSACTION
control field 20260208013938.0
041 ## - LANGUAGE CODE
Language code of text/sound track or separate title fre
042 ## - AUTHENTICATION CODE
Authentication code dc
100 10 - MAIN ENTRY--PERSONAL NAME
Personal name Farnoud, Reza
Relator term author
245 00 - TITLE STATEMENT
Title Histoire des qanâts dans le monde iranien : De la géographie aux hommes
260 ## - PUBLICATION, DISTRIBUTION, ETC.
Name of publisher, distributor, etc. L'Harmattan,<br/>
Date of publication, distribution, etc. 2024.<br/>
520 ## - SUMMARY, ETC.
Summary, etc. La partie centrale du monde iranien est majoritairement désertique. Les autres régions similaires sur la planète ont tendance à être laissées à l’abandon mais ici, depuis des millénaires, on cultive la terre et exporte différents produits agricoles. Par quel miracle cela est-il possible ?La réponse vient de l’invention du qanât, une technique ingénieuse qui permet de récupérer l’eau disponible dans le sous-sol des piémonts et de la transporter jusqu’aux plaines où s’étendent les champs agricoles. On parle de « révolution qanâtienne » pour souligner son importance historique.Ce livre s’intéresse donc au qanât et à son histoire dans le monde iranien. Après une description de la géographie de cette région ainsi que de ses particularités hydrologiques et agronomiques, sont expliqués les principes techniques du qanât, sa diversité et sa méthode de construction. Enfin, il aborde son utilisation par les paysans, ainsi que son impact sur leur organisation sociale, leur économie et leurs croyances.
700 10 - ADDED ENTRY--PERSONAL NAME
Personal name Bazin, Marcel
Relator term author
856 41 - ELECTRONIC LOCATION AND ACCESS
Uniform Resource Identifier <a href="https://shs.cairn.info/Histoire-des-qanats-dans-le-monde-iranien--9782336466392?lang=fr&redirect-ssocas=7080">https://shs.cairn.info/Histoire-des-qanats-dans-le-monde-iranien--9782336466392?lang=fr&redirect-ssocas=7080</a>

Pas d'exemplaire disponible.

PLUDOC

PLUDOC est la plateforme unique et centralisée de gestion des bibliothèques physiques et numériques de Guinée administré par le CEDUST. Elle est la plus grande base de données de ressources documentaires pour les Étudiants, Enseignants chercheurs et Chercheurs de Guinée.

Adresse

627 919 101/664 919 101

25 boulevard du commerce
Kaloum, Conakry, Guinée

Réseaux sociaux

Powered by Netsen Group @ 2025